Cheeses from around the World - Statistics

General Stats
  • This quiz has been taken 49 times
  • The average score is 11 of 15
Answer Stats
Cheese Country of Origin % Correct
Brie France
91%
Dubliner Ireland
91%
Feta Greece
89%
Handkäse Germany
86%
Asiago Italy
84%
Gruyère Switzerland
84%
Sakura Japan
82%
Colby United States
80%
Gouda Netherlands
77%
Cheddar United Kingdom
75%
Limburger / Herve Belgium
73%
Manchego Spain
73%
Havarti Denmark
61%
Cotija Mexico
59%
Tzfat Israel
39%
No matching quizzes found
Score Distribution
Percent of People with Each Score
Percentile by Number Answered
Your Score History
You have not taken this quiz